Geography Quiz

Random Geography or State Quiz

Largest Border Cities (U.S.) Quiz Stats

 Plays Quiz Updated Nov 1, 2016

Challenge
Share
Tweet
Embed
Score 0/32 Timer 08:00
9 Plays Today
Population City % Correct
8,175,133New York, NY
97.4%
2,695,598Chicago, IL
86.5%
459,787Kansas City, MO
80.1%
145,786Kansas City, KS
80%
1,526,006Philadelphia, PA
77.5%
319,294St. Louis, MO
74.8%
646,889Memphis, TN
64.5%
296,943Cincinnati, OH
64.4%
583,776Portland, OR
58.5%
649,121El Paso, TX
56.4%
597,337Louisville, KY
54.7%
408,958Omaha, NE
45.5%
731,424Charlotte, NC
44.1%
225,221Reno, NV
41.9%
247,597Jersey City, NJ
36.7%
287,208Toledo, OH
36.1%
Population City % Correct
136,286Savannah, GA
30.8%
437,994Virginia Beach, VA
25.4%
189,885Columbus, GA
25.1%
105,549Fargo, ND
24.7%
167,674Chattanooga, TN
23%
139,966Alexandria, VA
22.7%
195,844Augusta, GA
21.2%
99,685Davenport, IA
20.1%
161,791Vancouver, WA
19%
117,429Evansville, IN
18.9%
195,976Yonkers, NY
16.7%
122,643Stamford, CT
11.8%
124,969Elizabeth, NJ
10.9%
222,209Chesapeake, VA
10.8%
173,372Overland Park, KS
8.9%
132,929Clarksville, TN
5.8%

You're not logged in!

Compare scores with friends on all Sporcle quizzes.
OR
Log In

You Might Also Like...

Show Comments

Extras

Top Quizzes Today


Score Distribution

Your Account Isn't Verified!

In order to create a playlist on Sporcle, you need to verify the email address you used during registration. Go to your Sporcle Settings to finish the process.

Report this User

Report this user for behavior that violates our Community Guidelines.

Details: